| 000 | 00358nam a22001457a 4500 | ||
|---|---|---|---|
| 020 | _a0 87078 4161 | ||
| 082 | _a362.582 EIS | ||
| 100 |
_aEisner, R _99056 |
||
| 245 | _aSocial Security | ||
| 260 |
_aNew York _bThe Century Foundation Press _c1998 |
||
| 300 |
_ax,62pg _bIll,;24cm |
||
| 500 | _aInclude Index | ||
| 650 |
_aSocial Security _91249 |
||
| 942 | _cBK | ||
| 999 |
_c18817 _d18817 |
||